000 01599nam a2200421 i 4500
001 97279
003 FINmELB
005 20241217172647.0
006 m o d |
007 cr cnu||||||||
008 230724s2023 sp ob 001 0 spa d
017 _aM-11413-2023
_bEspaña
020 _a9788411701310
_q(print)
020 _a9788411702331
_q(e-book)
035 _a(OCoLC)1394963230
040 _aFINmELB
_bspa
_erda
_cFINmELB
050 4 _aK4456
_bL864 2023
080 _a336.221.24
082 0 4 _a343.04
_223
100 1 _aLópez Espadafor, Carlos María,
_eautor.
245 1 3 _aEl derecho financiero y tributario como articulación jurídica de la redistribución de la riqueza /
_cCarlos Mária López Espadafor.
264 1 _aMadrid :
_bEdictorial Dykinson,
_c2023.
300 _a1 recurso en línea (148 páginas)
336 _atexto
_btxt
_2rdacontent/spa
337 _acomputadora
_bc
_2rdamedia/spa
338 _arecurso en línea
_bcr
_2rdacarrier/spa
490 1 _aColección Fiscalidad
500 _aIncluye índice.
504 _aIncluye bibliografía.
588 _aDescripción basada en metadatos suministrados por el editor y otras fuentes.
590 _aRecurso electrónico. Santa Fe, Arg.: elibro, 2023. Disponible vía World Wide Web. El acceso puede estar limitado para las bibliotecas afiliadas a elibro.
650 4 _aDerecho financiero.
650 4 _aDerecho tributario.
655 4 _aLibros electrónicos.
797 2 _aelibro, Corp.
830 0 _aColección Fiscalidad.
856 4 0 _uhttps://elibro.net/ereader/politecnicointernacional/232294
999 _c97279
_d97279